عرض عادي عرض مارك
  • حسن، شذى محمد

مدخل إسم شخص

عدد التسجيلات المستخدمة في: 1

001 - رقم الضبط

  • حقل الضبط: 108767

003 - معرف رقم الضبط

  • حقل الضبط: OSt

005 - تاريخ ووقت أخر عملية

  • حقل الضبط: 20221019154800.0

008 - عناصر بيانات ثابتة الطول

  • حقل تحكم ثابت الطول: 221019|| aca||aabn | a|a d

040 ## - مصدر الفهرسة

  • هيئة الفهرسة الأصلية: OSt
  • وكالة الكتابة: OSt

100 ## - مدخل -- أسم شخص

  • إسم شخص: حسن، شذى محمد

670 ## - بيانات المصدر موجوده

  • الاستشهاد بالمصدر: Work cat.: (OSt): العبيدي، عمر حمد شهاب 90039, الكيمياء اللاعضوية الحياتية / , 2018